Improving software development productivity : (Record no. 20006)
[ view plain ]
| 000 -LEADER | |
|---|---|
| fixed length control field | 00970cam a22002655a 4500 |
| 001 - CONTROL NUMBER | |
| control field | 18231827 |
| 005 - DATE AND TIME OF LATEST TRANSACTION | |
| control field | 20160207095309.0 |
| 008 - FIXED-LENGTH DATA ELEMENTS--GENERAL INFORMATION | |
| fixed length control field | 140718t2015 njua frb 001 0 eng d |
| 020 ## - INTERNATIONAL STANDARD BOOK NUMBER | |
| International Standard Book Number | 0133562670 |
| 020 ## - INTERNATIONAL STANDARD BOOK NUMBER | |
| International Standard Book Number | 9780133562675 |
| 040 ## - CATALOGING SOURCE | |
| Original cataloging agency | DLC |
| Language of cataloging | eng |
| Transcribing agency | DLC |
| Modifying agency | EG-ScBUE |
| -- | EG-ScBUE |
| 082 04 - DEWEY DECIMAL CLASSIFICATION NUMBER | |
| Classification number | 005.1 |
| Item number | JEN |
| Edition number | 22 |
| 100 1# - MAIN ENTRY--PERSONAL NAME | |
| Personal name | Jensen, Randall W. |
| 9 (RLIN) | 38250 |
| 245 10 - TITLE STATEMENT | |
| Title | Improving software development productivity : |
| Remainder of title | effective leadership and quantitative methods in software management / |
| Statement of responsibility, etc | Randall W. Jensen. |
| 260 ## - PUBLICATION, DISTRIBUTION, ETC. (IMPRINT) | |
| Place of publication, distribution, etc | Upper Saddle River : |
| Name of publisher, distributor, etc | Prentice Hall / Pearson Education, |
| Date of publication, distribution, etc | c.2015. |
| 300 ## - PHYSICAL DESCRIPTION | |
| Extent | xxiii, 342 p. : |
| Other physical details | ill. ; |
| Dimensions | 24 cm. |
| 500 ## - GENERAL NOTE | |
| General note | Index : p. 327-342. |
| 504 ## - BIBLIOGRAPHY, ETC. NOTE | |
| Bibliography, etc | Bibliography : p. 307-312. |
| 650 #0 - SUBJECT ADDED ENTRY--TOPICAL TERM | |
| Topical term or geographic name as entry element | Computer software |
| General subdivision | Development. |
| Source of heading or term | BUEsh |
| 650 #0 - SUBJECT ADDED ENTRY--TOPICAL TERM | |
| Topical term or geographic name as entry element | Software productivity |
| General subdivision | Measurement |
| Source of heading or term | BUEsh |
| 651 ## - SUBJECT ADDED ENTRY--GEOGRAPHIC NAME | |
| Source of heading or term | BUEsh |
| 653 ## - INDEX TERM--UNCONTROLLED | |
| Resource For college | Communication and mass media |
| Arrived date list | July2015 |
| 653 ## - INDEX TERM--UNCONTROLLED | |
| Resource For college | Informatics and Computer Science |
| -- | Communication and mass media |
| Arrived date list | July2015 |
| -- | August2015 |
| -- | February2016 |
| 942 ## - ADDED ENTRY ELEMENTS (KOHA) | |
| Source of classification or shelving scheme | Dewey Decimal Classification |
| Call number prefix | 005.1 JEN |
| Withdrawn status | Lost status | Source of classification or shelving scheme | Damaged status | Not for loan | Koha collection | Home library | Current library | Shelving location | Date acquired | Source of acquisition | Cost, normal purchase price | Serial Enumeration / chronology | Total Checkouts | Full call number | Barcode | Date last seen | Cost, replacement price | Koha item type |
|---|---|---|---|---|---|---|---|---|---|---|---|---|---|---|---|---|---|---|
| Dewey Decimal Classification | Alahram | Central Library | Central Library | Lower Floor | 28/06/2015 | Purchase | 375.00 | 319 | 005.1 JEN | 000038837 | 15/07/2025 | 468.75 | Book - Borrowing | |||||
| Dewey Decimal Classification | Baccah | Central Library | Central Library | Lower Floor | 04/08/2015 | Purchase | 400.00 | 21759 | 005.1 JEN | 000030802 | 15/07/2025 | 500.00 | Book - Borrowing |